| 000 | 00363nam a22001577a 4500 | ||
|---|---|---|---|
| 003 | SGT | ||
| 020 | _a978-93-325-4109-2 | ||
| 082 |
_a658.1554 _bMAH |
||
| 100 | _aMAHADEVAN,B | ||
| 245 | _aOPERATIONS MANAGEMENT :THEORY AND PRACTICE. | ||
| 250 | _a3RD | ||
| 260 |
_aDELHI _bPEARSON _c2015 |
||
| 300 | _a610 | ||
| 650 | _aMECHANICAL ENGINEERING | ||
| 942 |
_2ddc _cBK |
||
| 999 |
_c14221 _d14221 |
||